01165cam a2200337 i 450000100090000000300060000900500170001500700150003200800410004701000170008802000260010502000240013102000250015502000230018004000280020304200080023105000100023908200170024910000240026624500790029026400420036930000230041133600210043433700230045533800320047849000380051050400510054858800820059960000380068177601080071918031486GBCCL20241126110723.0cr_|||||||||||140205s2014 ilu ob 001 0 eng  a 2014005113 a9781433540868 ( epub) a9781433540844 (pdf) a9781433540851 (mobi) z9781433540837 (hc) aDLCbengcDLCerdadDLC apcc00aBV20300a262223bORT1 aOrtlund, Raymond C.14aThe gospel :bhow the church portrays the beauty of Christ /cRay Ortlund. 1aWheaton, Illinois :bCrossway,c2014. a1 online resource. atext2rdacontent acomputer2rdamedia aonline resource2rdacarrier0 a9marks: building healthy churches aIncludes bibliographical references and index. aDescription based on print version record and CIP data provided by publisher.00aJesus ChristxPerson and offices.08iPrint version:aOrtlund, Raymond C.tGospeldWheaton : Crossway, 2014z9781433540837w(DLC) 2013033035